Dionigi Areopagita: tutte le opere / (Record n. 357889)
[ formato base ]
| 000 -LEADER | |
|---|---|
| fixed length control field | 01418nam a2200361 a 4500 |
| 001 - CONTROL NUMBER | |
| control field | 000000376089 |
| 003 - CONTROL NUMBER IDENTIFIER | |
| control field | IT-MiSPE |
| 005 - DATE AND TIME OF LATEST TRANSACTION | |
| control field | 20180514165943.0 |
| 008 - FIXED-LENGTH DATA ELEMENTS--GENERAL INFORMATION | |
| fixed length control field | 091028s2009 it 000 0 ita d |
| 020 ## - INTERNATIONAL STANDARD BOOK NUMBER | |
| International Standard Book Number | 9788845262883 |
| Terms of availability | 26.50 EUR |
| 040 ## - CATALOGING SOURCE | |
| Original cataloging agency | IT-MiSPE |
| Language of cataloging | ita |
| Transcribing agency | IT-MiSPE |
| 041 1# - LANGUAGE CODE | |
| Language code of text/sound track or separate title | ita |
| Language code of original | grc |
| 082 ## - DEWEY DECIMAL CLASSIFICATION NUMBER | |
| Classification number | 270.008-DIO ar tu (23167) |
| 084 ## - OTHER CLASSIFICATION NUMBER | |
| Classification number | 32 X |
| 100 0# - MAIN ENTRY--PERSONAL NAME | |
| Personal name | Dionysius Areopagita, |
| Titles and words associated with a name | s., |
| Dates associated with a name | sec. V/VI. |
| 9 (RLIN) | 57220 |
| 240 10 - UNIFORM TITLE | |
| Uniform title | Opera omnia |
| 245 10 - TITLE STATEMENT | |
| Title | Dionigi Areopagita: tutte le opere / |
| Statement of responsibility, etc. | introduzione di Giovanni Reale ; traduzione di Piero Scazzoso ; revisione di Ilaria Ramelli ; saggio introduttivo, prefazioni, parafrasi, note e indici di Enzo Bellini ; saggio integrativo di Carlo Maria Mazzucchi. |
| 260 ## - PUBLICATION, DISTRIBUTION, ETC. (IMPRINT) | |
| Place of publication, distribution, etc. | Milano : |
| Name of publisher, distributor, etc. | Bompiani, |
| Date of publication, distribution, etc. | ©2009. |
| 300 ## - PHYSICAL DESCRIPTION | |
| Extent | 823 p. ; |
| Dimensions | 22 cm |
| 490 1# - SERIES STATEMENT | |
| Series statement | Il pensiero occidentale |
| 504 ## - BIBLIOGRAPHY, ETC. NOTE | |
| Bibliography, etc | Bibliografia (p. [795]-815) e indici |
| 546 ## - LANGUAGE NOTE | |
| Language note | Traduzione italiana con testo greco a fronte |
| 655 #7 - INDEX TERM--GENRE/FORM | |
| Genre/form data or focus term | Patrologia greca |
| General subdivision | Dionysius Areopagita, s., sec. V-VI. |
| Source of term | local |
| 9 (RLIN) | 57221 |
| 700 1# - ADDED ENTRY--PERSONAL NAME | |
| Personal name | Scazzoso, Piero, |
| Relator term | tr. |
| 9 (RLIN) | 57222 |
| 700 1# - ADDED ENTRY--PERSONAL NAME | |
| Personal name | Bellini, Enzo. |
| 9 (RLIN) | 57223 |
| 700 1# - ADDED ENTRY--PERSONAL NAME | |
| Personal name | Mazzucchi, Carlo Maria. |
| 9 (RLIN) | 57224 |
| 700 1# - ADDED ENTRY--PERSONAL NAME | |
| Personal name | Ramelli, Ilaria, |
| Dates associated with a name | 1973-, |
| Relator term | ed. |
| 9 (RLIN) | 57199 |
| 700 1# - ADDED ENTRY--PERSONAL NAME | |
| Personal name | Reale, Giovanni, |
| Dates associated with a name | 1931-2014, |
| Relator term | pr. |
| 9 (RLIN) | 57115 |
| 830 #3 - SERIES ADDED ENTRY--UNIFORM TITLE | |
| Uniform title | Il pensiero occidentale. |
| 9 (RLIN) | 57173 |
| 942 ## - ADDED ENTRY ELEMENTS (KOHA) | |
| Source of classification or shelving scheme | Dewey Decimal Classification |
| Koha item type | LIBRO |
| Withdrawn status | Lost status | Source of classification or shelving scheme | Damaged status | Not for loan | Home library | Current library | Date acquired | Total Checkouts | Full call number | Barcode | Date last seen | Price effective from | Koha item type |
|---|---|---|---|---|---|---|---|---|---|---|---|---|---|
| Dewey Decimal Classification | Buone Condizioni | Not For Loan | CINISELLO | CINISELLO | 14/05/2018 | 270.008-DIO ar tu (23167) | 9788845262883 | 14/05/2018 | 14/05/2018 | LIBRO |